000
00261nam a2200109Ia 4500
008
190914s9999||||xx |||||||||||||| ||und||
100
_a
ICAMAP Study text
245
0
_a
ML-103 Business English
260
_a
India
_b
S. Chand
_c
2003
300
_a
787
942
_c
BK
999
_c
10147
_d
10147